| 000 | 00000nas##2200000za#4500 |
| 001 | 9.504003 |
| 003 | CaOODSP |
| 005 | 20201002131652 |
| 007 | cr ||||||||||| |
| 008 | 150406c1996||||xxc|| p o||||f| |0fre|d |
| 040 | |aCaOODSP|bfre |
| 043 | |an-cn--- |
| 086 | 1 |aSC1F-EPUB |
| 110 | 2 |aCommission de la Fonction publique du Canada. |
| 245 | 10|aCommission de la fonction publique, rapport annuel |h[ressource électronique] |
| 260 | |aOttawa - Ontario : |bCommission de la Fonction publique |
| 310 | |aAnnuel |
| 775 | 08|tPublic Service Commission - annual report |w(CaOODSP)9.507618 |
| 776 | 0#|tPublic Service Commission - annual report |w(CaOODSP)9.512168 |
| 776 | 0#|tCommission de la fonction publique - rapport annuel |w(CaOODSP)9.512169 |